00659nam a2200193 a 4500008004100000020002200041245015200063260004600215300002100261500002000282504004100302650002700343700002700370700002200397700001900419003000100438005001700439040000900456  a8170003539 (hpk.)10aKnowledge societies and libraries :bpapers in honour of Professor A.A.N. Raju /cedited by N. Laxman Rao, S. Sudarshan Rao, T.V. Prafulla Chandra. aNew Delhi :bEss Ess Publications,c2004. a517 p. ;c22 cm. aIncludes index. aIncludes bibliographical references. 0aLibraries and society. aPrafulla, Chandra T.V. aSudarshan, Rao S. aLaxman, Rao N.20230123134312.0 cNUST